الطبابه و الإطباء / (رقم التسجيلة. 30904)
[ عرض عادي ]
| 000 -LEADER | |
|---|---|
| fixed length control field | 00602nam a22001937a 4500 |
| 005 - DATE AND TIME OF LATEST TRANSACTION | |
| control field | 20251108165550.0 |
| 008 - FIXED-LENGTH DATA ELEMENTS--GENERAL INFORMATION | |
| fixed length control field | 250721s1994 xx 000 0 ara d |
| 082 14 - DEWEY DECIMAL CLASSIFICATION NUMBER | |
| Classification number | ط/610.96/مطلق |
| 100 1# - MAIN ENTRY--PERSONAL NAME | |
| Personal name | أبو مدحت، عبد الله |
| 245 10 - TITLE STATEMENT | |
| Title | الطبابه و الإطباء / |
| 264 1# - PRODUCTION, PUBLICATION, DISTRIBUTION, MANUFACTURE, AND COPYRIGHT NOTICE | |
| Place of production, publication, distribution, manufacture | بيروت : |
| Name of producer, publisher, distributor, manufacturer | مكتبة لبنان، |
| Date of production, publication, distribution, manufacture, or copyright notice | 1994. |
| 300 ## - PHYSICAL DESCRIPTION | |
| Extent | 32ص :مص |
| 490 0# - SERIES STATEMENT | |
| Series statement | الفراشه : المعارف الميسره |
| 650 17 - SUBJECT ADDED ENTRY--TOPICAL TERM | |
| Topical term or geographic name as entry element | الطب |
| 653 ## - INDEX TERM--UNCONTROLLED | |
| Uncontrolled term | اطفال مرحله متوسطه (6-9) سنوات |
| 700 1# - ADDED ENTRY--PERSONAL NAME | |
| Personal name | مطلق، البير |
| 942 ## - ADDED ENTRY ELEMENTS (KOHA) | |
| Source of classification or shelving scheme | Dewey Decimal Classification |
| Koha item type | كتب |
| حالة السحب | حالة الفقدان | مصدر التصنيف | حالة التلف | غير قابل للإعارة | المكتبة الرئيسية | المكتبة الحالية | موقع الرف | تاريخ التزويد | الرقم المتسلسل | Total Checkouts | رقم الإستدعاء | الباركود | تاريخ آخر ظهور | تاريخ الفاتورة | نوع المادة (كوها) |
|---|---|---|---|---|---|---|---|---|---|---|---|---|---|---|---|
| Dewey Decimal Classification | المكتبة المركزية | المكتبة المركزية | الأطفال | 08/02/2012 | 1511158 | ط/610.96/مطلق | PLD00240328 | 28/07/2025 | 08/02/2012 | كتب | |||||
| Dewey Decimal Classification | مكتبة الأميرة سلمى | مكتبة الأميرة سلمى | الأطفال | 29/03/2016 | 568573 | ط/610.96/مطلق | PLD00383303 | 28/07/2025 | 29/03/2016 | كتب | |||||
| Dewey Decimal Classification | مكتبة البراءة للأطفال | مكتبة البراءة للأطفال | الأطفال | 21/09/2013 | 366406 | ط/610.96/مطلق | PLD00278645 | 28/07/2025 | 21/09/2013 | كتب | |||||
| Dewey Decimal Classification | مكتبة البراعم الواعدة | مكتبة البراعم الواعدة | 28/07/2025 | 1600923 | ط/610.96/مطلق | 28/07/2025 | 28/07/2025 | كتب | |||||||
| Dewey Decimal Classification | مكتبة الحسن العامة | مكتبة الحسن العامة | الأطفال | 12/05/2009 | 1272652 | ط/610.96/مطلق | PLD00088852 | 28/07/2025 | 12/05/2009 | كتب | |||||
| Dewey Decimal Classification | مكتبة الراية الهاشمية للأطفال | مكتبة الراية الهاشمية للأطفال | الأطفال | 12/05/2009 | 1272650 | ط/610.96/مطلق | PLD00088854 | 28/07/2025 | 12/05/2009 | كتب | |||||
| Dewey Decimal Classification | مكتبة الراية الهاشمية للأطفال | مكتبة الراية الهاشمية للأطفال | الأطفال | 20/10/2015 | 296905 | ط/610.96/مطلق | PLD00357876 | 28/07/2025 | 20/10/2015 | كتب | |||||
| Dewey Decimal Classification | مكتبة بدر الجديدة للأطفال | مكتبة بدر الجديدة للأطفال | الأطفال | 19/09/2015 | 400605 | ط/610.96/مطلق | PLD00349496 | 28/07/2025 | 19/09/2015 | كتب | |||||
| Dewey Decimal Classification | مكتبة صويلح العامة | مكتبة صويلح العامة | الأطفال | 10/05/2009 | 1272649 | ط/610.96/مطلق | PLD00087876 | 28/07/2025 | 10/05/2009 | كتب | |||||
| Dewey Decimal Classification | مكتبةمؤتة | مكتبةمؤتة | الأطفال | 12/05/2009 | 1272651 | ط/610.96/مطلق | PLD00088853 | 28/07/2025 | 12/05/2009 | كتب |